| 000 | 00334nam a2200109Ia 4500 | ||
|---|---|---|---|
| 008 | 171211s9999 xx 000 0 und d | ||
| 245 | _aReversing the Obesogenic Environment | ||
| 245 | _cJorge Banda, Kristen McAlexander, and Rebecca Lee | ||
| 260 | _c2011 | ||
| 650 | _xFITNESS | ||
| 856 | _uhttp://down.ebook777.com/064/0736078991.pdf | ||
| 999 |
_c349010 _d349010 |
||